000 00596nam a22002177a 4500
942 _cBK
999 _c727
_d727
005 20250420134822.0
008 211111b ||||| |||| 00| 0 eng d
020 _a9780324782011
040 _cKCST
082 _a005.133
_bMa Da
100 _aMalik, D. S.
_95427
245 _aData structures using C++ /
_bD. S. Malik
250 _a2
260 _aBoston, MA :
_bCourse Technology/Cengage Learning,
_c2010.
300 _a902 p.
650 _aC++ (Computer program language)
_9162
650 _aData structures (Computer science)
_9363
650 _aC++
_95448
942 _2ddc